| 000 | 00848nam a22002897a 4500 | ||
|---|---|---|---|
| 001 | 3048 | ||
| 003 | FISKH | ||
| 005 | 20240201142209.0 | ||
| 008 | 240201b cb ||||| |||| 00| 0 eng d | ||
| 020 | _a9780763611873 | ||
| 040 |
_aFISKH _beng _cFISKH _dFISKH |
||
| 050 | _a372.4 | ||
| 082 | _aPZ7 | ||
| 100 | _aMartin, David | ||
| 245 |
_aMonkey, watch out! / _cby Martin, David |
||
| 250 | _aFirst edition 2000 | ||
| 260 |
_aMassachusetts : _bCandlewick Press , _c2000 |
||
| 300 |
_a8 unnumbered pages : _bcolor illustrations ; _c15 cm . |
||
| 490 | _a Brand New Readers | ||
| 505 | _aA | ||
| 520 | _aOnly after he stops riding things does monkey have a fall. | ||
| 521 | 8 |
_a10
_bLexile |
|
| 521 | 8 |
_aA
_bRaz-Plus |
|
| 600 |
_2monkeys _vchildren's literature |
||
| 700 |
_aNash, Scott _eillustrator |
||
| 942 |
_2ddc _cBK _n0 |
||
| 999 |
_c3048 _d3048 |
||